La obra completa de murillo 1617-1682 /
Guardado en:
| Autor Principal: | |
|---|---|
| Formato: | Libro |
| Publicado: |
Barcelona :
Planeta
|
| Series: | Maestros de la pintura; No. 16
|
| Materias: | |
| Etiquetas: |
Agregar Etiqueta
Sin Etiquetas, Sea el primero en etiquetar este registro!
|
| LEADER | 00618nam a22002175a 4500 | ||
|---|---|---|---|
| 001 | CEM.cems012603 | ||
| 005 | 20070823182518.0 | ||
| 008 | 130507b######################000#0#####d | ||
| 003 | CEMS | ||
| 020 | |a 8439511574 | ||
| 082 | 0 | 4 | |a 759.46 |
| 100 | 1 | |a Prat, Jaime | |
| 245 | 1 | 0 | |a La obra completa de murillo 1617-1682 / |c Jaime Prat |
| 260 | |a Barcelona : |b Planeta | ||
| 300 | |a 103 p. | ||
| 490 | 0 | |a Maestros de la pintura; No. 16 | |
| 653 | |a Pintura | ||
| 653 | |a Pintura italiana | ||
| 653 | |a Murillo-pinacoteca | ||
| 653 | |a Murillo-biografía | ||
| 859 | |a CEMS |b BIB. CEMS - 11 de abril |h 759.46 |i P887 |p 23898.07 |t Ej.1 |v XVI |3 XVI | ||
